| 000 | 00452nam a2200193Ia 4500 | ||
|---|---|---|---|
| 003 | OSt | ||
| 005 | 20220527100200.0 | ||
| 008 | 210210b1954 xxu||||| |||| 00| 0 eng d | ||
| 040 | _cAL | ||
| 041 | _aeng | ||
| 082 | _a230/31 | ||
| 100 |
_aCOURTOIS (V) _939237 |
||
| 245 |
_aChristian doctrine _bExposition |
||
| 260 |
_aCalcutta _bNot Mentioned _c1954 |
||
| 300 | _axii,198 | ||
| 690 |
_aChristianity _939238 |
||
| 906 | _a001267 | ||
| 942 |
_2ddc _cBK |
||
| 999 |
_c116160 _d116160 |
||